|
|
|
|
| LEADER |
00000nab a2200000 a 4500 |
| 001 |
vtls000504202 |
| 003 |
SK-MaSNL |
| 005 |
20260303165208.0 |
| 008 |
120927c1991 xo 0 slo |
| 015 |
|
|
|a SNBRA19rr/mm-uuuuu
|
| 035 |
|
|
|a CL0504340
|
| 040 |
|
|
|a SNKBUCL
|b slo
|c SNKBUCL
|e AACR2
|
| 041 |
0 |
|
|a slo
|
| 044 |
|
|
|a xo
|c SK
|
| 080 |
|
|
|a 662.613.5:628.539:621.311.22
|2 1981
|
| 080 |
|
|
|a 628.539
|2 1981
|
| 080 |
|
|
|a 621.311.22
|2 1981
|
| 100 |
1 |
|
|a Gábel, Gregor
|4 aut
|9 788595
|
| 245 |
1 |
0 |
|a Meranie a možnosti zníženia emisií v koncerne SEP
|c Gregor Gábel
|
| 300 |
|
|
|b Grafy 6
|
| 610 |
2 |
7 |
|a Slovenské energetické podniky
|2 snkbucl
|9 30862
|
| 650 |
0 |
7 |
|a spaľovanie
|2 snkbucl
|9 16534
|
| 650 |
0 |
7 |
|a emisie
|2 snkbucl
|9 290897
|
| 655 |
|
7 |
|a články zo zborníkov
|2 snkbucl
|9 166140
|
| 773 |
0 |
|
|t Súčasný stav a trendy znižovania NOx
|d Bratislava : Dom techniky ZSVTS, 1991
|g S. 91-97
|z 8023302043
|
| 850 |
|
|
|a Slovenská národná knižnica v Martine
|a MTA001
|
| 852 |
|
|
|a SNK
|b KIS3GCP
|
| 958 |
|
|
|a RK
|
| 992 |
|
|
|a RZB
|
| 999 |
|
|
|c 2070358
|d 2072288
|